Statistics for Queensland Rail Suburban Network

Click here to take the quiz!

General Stats

  • This quiz has been taken 507 times
  • The average score is 116 of 191

Answer Stats

LineStation% Correct
Inner-city Stations | Ipswich LineRoma Street
93%
Inner-city StationsCentral
90%
Ipswich Line | Rosewood LineIpswich
89%
Springfield LineSpringfield
86%
Inner-city StationsFortitude Valley
85%
Rosewood LineRosewood
85%
Inner-city StationsSouth Bank
85%
Inner-city StationsSouth Brisbane
85%
Ferny Grove Line | Inner-city StationsBowen Hills
84%
Ferny Grove LineFerny Grove
84%
Beenleigh Line | Gold Coast LineBeenleigh
83%
Caboolture Line | Sunshine Coast LineCaboolture
83%
Doomben LineDoomben
81%
Ipswich LineMilton
80%
Cleveland LineCleveland
79%
Beenleigh Line | Cleveland Line | Gold Coast Line | Inner-city StationsPark Road
79%
Shorncliffe LineShorncliffe
79%
Ipswich LineAuchenflower
78%
Brisbane Airport LineDomestic Airport
78%
Brisbane Airport LineInternational Airport
78%
Ipswich LineToowong
78%
Brisbane Airport Line | Doomben Line | Inner-city StationsEagle Junction
77%
Ipswich LineIndooroopilly
76%
Ipswich Line | Springfield LineDarra
74%
Caboolture Line | Inner-city Stations | Redcliffe Peninsula Line | Shorncliffe LineNorthgate
73%
Ipswich LineOxley
72%
Springfield LineSpringfield Central
72%
Inner-city StationsAlbion
71%
Beenleigh Line | Gold Coast LineAltandi
71%
G:Link Light Rail | Gold Coast LineHelensvale
71%
Redcliffe Peninsula LineKippa-Ring
71%
Beenleigh Line | Gold Coast LineLoganlea
71%
Gold Coast LineVarsity Lakes
71%
Redcliffe Peninsula LineSunshine
70%
Ipswich LineGraceville
69%
Ipswich LineTaringa
69%
Doomben LineAscot
68%
Ipswich LineChelmer
68%
Inner-city StationsNundah
68%
Caboolture Line | Redcliffe Peninsula LinePetrie
68%
Ipswich LineSherwood
68%
Inner-city StationsWooloowin
68%
Redcliffe Peninsula LineMango Hill
67%
Ipswich LineWacol
67%
Beenleigh LineYeronga
67%
Ipswich LineCorinda
66%
Beenleigh LineDutton Park
66%
Gold Coast LineOrmeau
66%
Rosewood LineThomas Street
65%
Inner-city StationsToombul
65%
Cleveland LineWynnum
65%
Ipswich LineEbbw Vale
64%
Ipswich LineGoodna
64%
Gold Coast LineNerang
64%
Springfield LineRichlands
64%
Shorncliffe LineSandgate
64%
Shorncliffe LineBoondall
63%
Gold Coast LineCoomera
63%
Ipswich LineEast Ipswich
63%
Caboolture LineMorayfield
63%
Ipswich LineRedbank
63%
Redcliffe Peninsula LineVirginia
63%
Redcliffe Peninsula LineMango Hill East
62%
Cleveland LineManly
62%
Sunshine Coast LineNambour
62%
Beenleigh LineYeerongpilly
62%
Caboolture LineBurpengary
61%
Beenleigh LineFairfield
61%
Doomben LineHendra
61%
Beenleigh LineMoorooka
61%
Doomben LineClayfield
60%
Redcliffe Peninsula LineGeebung
60%
Ferny Grove LineWindsor
60%
Shorncliffe LineBanyo
59%
Ipswich LineBundamba
59%
Redcliffe Peninsula LineCarseldine
59%
Ipswich LineGailes
59%
Ferny Grove LineKeperra
59%
Gold Coast LineRobina
59%
Redcliffe Peninsula LineStrathpine
59%
Redcliffe Peninsula LineBald Hills
58%
Beenleigh LineCoopers Plains
58%
Cleveland LineCoorparoo
58%
Caboolture LineNarangba
58%
Ferny Grove LineNewmarket
58%
Rosewood LineThagoona
58%
Rosewood LineWulkuraka
58%
Cleveland LineWynnum North
58%
Sunshine Coast LineGlasshouse Mountains
57%
Ferny Grove LineMitchelton
57%
Shorncliffe LineNorth Boondall
57%
Shorncliffe LineNudgee
57%
Cleveland LineWynnum Central
57%
Redcliffe Peninsula LineZillmere
57%
Ferny Grove LineAlderley
56%
Ipswich LineDinmore
56%
Ferny Grove LineEnoggera
56%
Sunshine Coast LineGympie North
56%
Ipswich LineRiverview
56%
Beenleigh LineSunnybank
56%
Ferny Grove LineWilston
56%
Ipswich LineBooval
55%
Ferny Grove LineGaythorne
55%
Redcliffe Peninsula LineKallangur
55%
Beenleigh LineRocklea
55%
Caboolture LineDakabin
54%
Cleveland LineMorningside
54%
Redcliffe Peninsula LineRothwell
54%
Cleveland LineCannon Hill
53%
Cleveland LineMurarrie
53%
Beenleigh LineWoodridge
53%
Shorncliffe LineBindha
52%
Cleveland LineBuranda
52%
Shorncliffe LineDeagon
52%
Rosewood LineKarrabin
52%
Beenleigh LineSalisbury
52%
Rosewood LineWalloon
52%
Sunshine Coast LineBeerwah
51%
Sunshine Coast LineCooroy
51%
Disused StationsExhibition
51%
Redcliffe Peninsula LineLawnton
51%
Cleveland LineLota
51%
Redcliffe Peninsula LineMurrumba Downs
51%
Cleveland LineNorman Park
51%
Sunshine Coast LineTraveston
51%
Beenleigh LineBethania
50%
Redcliffe Peninsula LineBray Park
50%
Beenleigh LineEdens Landing
50%
Sunshine Coast LineEumundi
50%
Beenleigh LineKuraby
50%
Disused StationsTennyson
50%
Cleveland LineWellington Point
50%
G:Link Light RailBroadbeach South
49%
Ferny Grove LineOxford Park
49%
Beenleigh LineRuncorn
49%
G:Link Light RailSurfers Paradise
49%
Beenleigh LineFruitgrove
48%
Ferny Grove LineGrovely
48%
Beenleigh LineHolmview
48%
Cleveland LineOrmiston
48%
G:Link Light RailSouthport
48%
Sunshine Coast LineEudlo
47%
Cleveland LineThorneside
47%
Beenleigh LineBanoon
46%
Sunshine Coast LineBeerburrum
46%
G:Link Light RailCavill Avenue
46%
Cleveland LineHemmant
46%
Beenleigh LineTrinder Park
46%
Sunshine Coast LineCooran
45%
Sunshine Coast LineElimbah
45%
G:Link Light RailGriffith University
45%
Beenleigh LineKingston
45%
Sunshine Coast LineLandsborough
45%
Sunshine Coast LinePalmwoods
45%
Sunshine Coast LineYandina
45%
Cleveland LineBirkdale
44%
G:Link Light RailBroadbeach North
44%
Cleveland LineLindum
44%
Sunshine Coast LinePomona
44%
G:Link Light RailGold Coast University Hospital
43%
Sunshine Coast LineWoombye
43%
G:Link Light RailParkwood
42%
Sunshine Coast LineMooloolah
40%
G:Link Light RailMain Beach
39%
G:Link Light RailQueen Street
39%
G:Link Light RailParkwood East
37%
G:Link Light RailSouthport South
36%
G:Link Light RailNerang Street
35%
G:Link Light RailFlorida Gardens
34%
G:Link Light RailBroadwater Parklands
32%
G:Link Light RailCypress Avenue
32%
G:Link Light RailNorthcliffe
32%
G:Link Light RailSurfers Paradise North
32%

Score Distribution

Percentile by Number Answered

Percent of People with Each Score

Your Score History

You have not taken this quiz